| 000 | 00472nam a2200109Ia 4500 | ||
|---|---|---|---|
| 008 | 160909s9999 xx 000 0 und d | ||
| 100 | _aFisher, Diana Marie | ||
| 245 | _aIntroducing Complex Systems Analysis in High School Mathematics Using System Dynamics Modeling: A Potential Game-Changer for Mathematics Instruction | ||
| 260 |
_bPortland State University. _c2016 |
||
| 650 | _aInformation Technology | ||
| 856 | _uhttp://pqdtopen.proquest.com/doc/1800293187.html?FMT=ABS | ||
| 999 |
_c303839 _d303839 |
||